Malekshad v Howard De Walden Estates Ltd (No 2) (Record no. 117296)

MARC details
000 -LEADER
fixed length control field 02360cam a2200313 4500
001 - CONTROL NUMBER
control field ABS67748
008 - FIXED-LENGTH DATA ELEMENTS--GENERAL INFORMATION
fixed length control field 040505n2004 000 0 eng u
035 ## - SYSTEM CONTROL NUMBER
System control number (Sirsi) u126104
245 ## - TITLE STATEMENT
Title Malekshad v Howard De Walden Estates Ltd (No 2)
260 ## - PUBLICATION, DISTRIBUTION, ETC.
Date of publication, distribution, etc. 2004
490 ## - SERIES STATEMENT
Series statement Weekly Law Reports
Volume/sequential designation [2004] 1 WLR 862-893(32)
520 ## - SUMMARY, ETC.
Summary, etc. [2003] EWHC 3106 (Ch), 19 December 2003. Tenant (M) sought in 1997 to enfranchise a property comprising a main house and an associated mews house. HL ([2002] UKHL 49, Abs66268) decided that M was allowed to enfranchise the main house but not the mews house. Following a change in the law in 2002, M served notice on landlord (H) in 2003 to enfranchise the mews house and to limit the 1997 notice to the main house. H argued that, if it had been served in 1997 with the correct notice only referring to the main house, the mews house tenancy would have terminated at the contractual term date and would not have become enfranchiseable under the new law. H contended that the amendment of the 1997 notice was conditional on the 2003 notice being withdrawn. H appealed the judgment that the 1997 notice needed no amendment and that the mews house amendment was valid. "Held": dismissed - the effect of the Leasehold Reform Act 1967 Sched 3 Para 3(1) was that where a notice of enfranchisement was served, the tenancy of the whole of the property was continued including any part not referred to in the notice; that the 1997 notice would still have extended the mews house tenancy and the tenant's 2003 notice was valid even though the contractual term date had expired.
590 ## - LOCAL NOTE (RLIN)
Local note ABS
590 ## - LOCAL NOTE (RLIN)
Local note ABS
650 ## - SUBJECT ADDED ENTRY--TOPICAL TERM
Topical term or geographic name entry element MANNAI INVESTMENT CO LTD V EAGLE STAR LIFE ASSURANCE CO LTD UK
650 ## - SUBJECT ADDED ENTRY--TOPICAL TERM
Topical term or geographic name entry element COLLIN V DUKE OF WESTMINSTER AND ANOTHER
650 ## - SUBJECT ADDED ENTRY--TOPICAL TERM
Topical term or geographic name entry element HANKEY V CLAVERING
650 ## - SUBJECT ADDED ENTRY--TOPICAL TERM
Topical term or geographic name entry element DUKE OF WESTMINSTER AND OTHERS V BIRRANE
650 ## - SUBJECT ADDED ENTRY--TOPICAL TERM
Topical term or geographic name entry element MALEKSHAD V HOWARD DE WALDEN ESTATES LTD
650 ## - SUBJECT ADDED ENTRY--TOPICAL TERM
Topical term or geographic name entry element MALEKSHAD V HOWARD DE WALDEN ESTATES LTD
650 ## - SUBJECT ADDED ENTRY--TOPICAL TERM
Topical term or geographic name entry element DUKE OF WESTMINSTER AND OTHERS V ODDY
650 ## - SUBJECT ADDED ENTRY--TOPICAL TERM
Topical term or geographic name entry element LEASEHOLD ENFRANCHISEMENT
650 ## - SUBJECT ADDED ENTRY--TOPICAL TERM
Topical term or geographic name entry element CONTRACTUAL TERM DATE
650 ## - SUBJECT ADDED ENTRY--TOPICAL TERM
Topical term or geographic name entry element LEASEHOLD REFORM ACT 1967 SCHED 3 PARA 3(1)
650 ## - SUBJECT ADDED ENTRY--TOPICAL TERM
Topical term or geographic name entry element LEASEHOLD REFORM ACT 1967 SCHED 3 PARA 3(1)
650 ## - SUBJECT ADDED ENTRY--TOPICAL TERM
Topical term or geographic name entry element LEASEHOLD REFORM ACT 1967 S2(1)(B)
690 ## - LOCAL SUBJECT ADDED ENTRY--TOPICAL TERM (OCLC, RLIN)
Topical term or geographic name as entry element LANDLORD AND TENANT-LEASEHOLD REFORM-CASE LAW
942 ## - ADDED ENTRY ELEMENTS (KOHA)
Suppress in OPAC 0
Holdings
Withdrawn status Lost status Source of classification or shelving scheme Damaged status Not for loan Home library Current library Shelving location Date acquired Total Checkouts Full call number Barcode Date last seen Copy number Price effective from Koha item type
    Dewey Decimal Classification     London London Journal article 05/05/2004   ABS67748 126104-1001 06/08/2019 1 06/08/2019 Law report